BIM forum (Record no. 113768)

MARC details
000 -LEADER
fixed length control field 00895cad a22002175a 4500
001 - CONTROL NUMBER
control field L155702
008 - FIXED-LENGTH DATA ELEMENTS--GENERAL INFORMATION
fixed length control field 120403s2012 xxk f 000 0 eng d
035 ## - SYSTEM CONTROL NUMBER
System control number (Sirsi) u155702
041 0# - LANGUAGE CODE
Language code of text/sound track or separate title eng
100 1# - MAIN ENTRY--PERSONAL NAME
Personal name Bew, Mark
110 2# - MAIN ENTRY--CORPORATE NAME
Corporate name or jurisdiction name as entry element Construction Products Association
Subordinate unit Cabinet Office BIM Working Group
245 00 - TITLE STATEMENT
Title BIM forum
Remainder of title 14 March 2012
-- building information modelling strategic overview
Medium [electronic resource]
260 ## - PUBLICATION, DISTRIBUTION, ETC.
Place of publication, distribution, etc. London
Name of publisher, distributor, etc. Construction Products Association
Date of publication, distribution, etc. 2012
520 ## - SUMMARY, ETC.
Summary, etc. A detailed look at the various aspects of BIM. RICS is referred to in the presentation.
590 ## - LOCAL NOTE (RLIN)
Local note KA NTK
651 #4 - SUBJECT ADDED ENTRY--GEOGRAPHIC NAME
Geographic name International
690 ## - LOCAL SUBJECT ADDED ENTRY--TOPICAL TERM (OCLC, RLIN)
Topical term or geographic name as entry element BIM
9 (RLIN) 6219
710 1# - ADDED ENTRY--CORPORATE NAME
Corporate name or jurisdiction name as entry element Constructing Excellence in the Built Environment
9 (RLIN) 4925
856 40 - ELECTRONIC LOCATION AND ACCESS
Uniform Resource Identifier <a href="https://www.constructingexcellence.org.uk/pdf/CECPA%20Final.pdf">https://www.constructingexcellence.org.uk/pdf/CECPA%20Final.pdf</a>
Public note View the presentation free of charge at www.constructingexcellence.org
942 ## - ADDED ENTRY ELEMENTS (KOHA)
Suppress in OPAC 0
Holdings
Withdrawn status Lost status Source of classification or shelving scheme Damaged status Not for loan Home library Current library Shelving location Date acquired Total Checkouts Full call number Barcode Date last seen Copy number Price effective from Koha item type
    Dewey Decimal Classification     Virtual Virtual Online 03/04/2012   ONLINE PUBLICATION 155702-2001 06/08/2019 1 06/08/2019 Book